000
00297nam a22001097a 4500
020
_a
9781035413485
082
_a
951.061 209 2 SHE/R
245
_a
The Red Emperor/
_c
by Sheridan, Michael
260
_a
. - London
_b
: Headline publishing Group
_c
, 2024
300
_a
xiii+345 pages
942
_2
ddc
_c
BK
999
_c
749057
_d
749057